Sơ lược về tình hình Trung Quốc Dành cho Sv năm 3

שמור ב:
מידע ביבליוגרפי
פורמט: ספר
תגים: הוספת תג
אין תגיות, היה/י הראשונ/ה לתייג את הרשומה!
Thư viện lưu trữ: Mạng thư viện Đại học Đà Nẵng
LEADER 00449nam a22001691a 4500
001 000036872
003 13167
005 20160412014938.0
008 160412s0 000
082 |a 4H(07)322-24 
245 |a Sơ lược về tình hình Trung Quốc Dành cho Sv năm 3  |c Tiêu Lập 
OWN |a LNN 
999 |a From the UDN01 
TYP |a Monograph 
980 |a Mạng thư viện Đại học Đà Nẵng